MARC

LEADER 00000nab a2200000 a 4500
001 vtls001014862
003 SK-MaSNL
005 20260303200123.0
008 040720e19980113xo 0 slo
035 |a SN815 
040 |a SNSK  |b slo  |c SNSK  |e AACR2 
041 0 |a slo 
044 |a xo  |c SK 
080 |a 792.077(091)  |2 1981 
100 1 |a Faithová, Mária  |c (novinárka)  |4 aut  |9 1028586 
245 1 0 |a Divadlo Hviezdoslav jubilovalo 
300 |b 2 foto 
610 2 7 |a Divadelný súbor Hviezdoslav (Spišská Nová Ves, Slovensko)  |2 SNKKA  |9 82712 
650 0 7 |a amatérske divadlo  |2 SNKPH  |9 3348 
650 0 7 |a výročia a významné udalosti  |2 SNKPH  |9 16069 
650 0 7 |a ochotnícke divadlo  |2 SNKPH  |9 3349 
651 7 |a Spišská Nová Ves (Slovensko)  |2 SNKPHgeo  |9 28800 
651 7 |a SN,  |2 SNSK  |9 1021277 
655 7 |a periodikum  |2 SNKPH  |9 29553 
710 2 |a Divadelný súbor Hviezdoslav (Spišská Nová Ves, Slovensko)  |4 aut  |9 82712 
773 0 8 |t Nové Spišské hlasy  |g Roč. 8, č.2, 13.1.1998, s. 4 
852 |a ZVYKNI  |b KIS3GCP 
999 |c 2166491  |d 2168421